| 000 | 01028cam a2200277 4500 | ||
|---|---|---|---|
| 008 | 090401t1995 xxu||||| |||| 00| 0 eng d | ||
| 020 | _a0117531103 | ||
| 035 | _a(Sirsi) u34677 | ||
| 041 | _aeng | ||
| 050 | _a711.52 | ||
| 110 |
_aUnited Kingdom _bDepartment of the Environment _9982 |
||
| 245 | 4 | _aThe impact of environmental improvements on urban regeneration. | |
| 260 |
_aLondon _bHMSO _c1995 |
||
| 300 | _axii,117p. ; 30cm. | ||
| 350 | _a21 | ||
| 520 | _aThe report, which was commissioned by the DoE from Pieda plc, examines the extent to which environmental improvement projects achieve economic regeneration objectives by influencing potential investors, the capacity of EIPs to assist regeneration and the policy implications. | ||
| 650 | _aDEVELOPMENT | ||
| 650 | _aENVIRONMENTAL IMPROVEMENT PROJECTS | ||
| 650 | _aINNER CITY REGENERATION | ||
| 650 | _aURBAN REGENERATION | ||
| 650 | _aURBAN RENEWAL | ||
| 690 | _aURBAN RENEWAL | ||
| 710 |
_aPIEDA plc. _93294 |
||
| 942 | _n0 | ||
| 948 | _c04/03/1997 | ||
| 999 |
_c89981 _d89981 |
||